International encyclopaedia of laws. (Record no. 330)

MARC details
000 -LEADER
fixed length control field 01563cai a2200409 a 4500
001 - CONTROL NUMBER
control field 16690352
003 - CONTROL NUMBER IDENTIFIER
control field OSt
005 - DATE AND TIME OF LATEST TRANSACTION
control field 20110720144938.0
008 - FIXED-LENGTH DATA ELEMENTS--GENERAL INFORMATION
fixed length control field 950308c19949999ne uu l 0 2eng c
010 ## - LIBRARY OF CONGRESS CONTROL NUMBER
LC control number 2011217936
020 ## - INTERNATIONAL STANDARD BOOK NUMBER
International Standard Book Number 9065449361 (looseleaf : acidfree paper)
020 ## - INTERNATIONAL STANDARD BOOK NUMBER
International Standard Book Number 9789065449368 (looseleaf : acidfree paper)
020 ## - INTERNATIONAL STANDARD BOOK NUMBER
Cancelled/invalid ISBN 9013382008
035 ## - SYSTEM CONTROL NUMBER
System control number (OCoLC)ocm32109719
040 ## - CATALOGING SOURCE
Original cataloging agency CSdU-L
Language of cataloging eng
Transcribing agency CSdU-L
Modifying agency OCoLC
-- YDXCP
-- OCoLC
-- IaU-L
-- DLC
042 ## - AUTHENTICATION CODE
Authentication code pcc
050 00 - LIBRARY OF CONGRESS CALL NUMBER
Classification number K2205
Item number .I545
082 ## - DEWEY DECIMAL CLASSIFICATION NUMBER
Classification number 345.6761 NSE
100 ## - MAIN ENTRY--PERSONAL NAME
Personal name Nsereko, D.D.N.
9 (RLIN) 989
245 00 - TITLE STATEMENT
Title International encyclopaedia of laws.
246 30 - VARYING FORM OF TITLE
Title proper/short title Civil procedure
260 ## - PUBLICATION, DISTRIBUTION, ETC. (IMPRINT)
Place of publication, distribution, etc London :
Name of publisher, distributor, etc Kluwer Law International ;
Place of publication, distribution, etc Frederick, MD :
Name of publisher, distributor, etc Sold and distributed in North, Central, and South America by Aspen Publishers,
Date of publication, distribution, etc 1995-
300 ## - PHYSICAL DESCRIPTION
Extent 329p.;
Other physical details ill. ;
Dimensions 25 cm.
500 ## - GENERAL NOTE
General note Editor, 1994- : Paul Lemmens.
500 ## - GENERAL NOTE
General note "General editor, Prof. Dr. R. Blanpain."--Front matter-3.
500 ## - GENERAL NOTE
General note Imprint varies.
500 ## - GENERAL NOTE
General note Description based on: Suppl. 57, Nov. 2010.
504 ## - BIBLIOGRAPHY, ETC. NOTE
Bibliography, etc Includes bibliographical references and indexes.
650 #0 - SUBJECT ADDED ENTRY--TOPICAL TERM
Topical term or geographic name as entry element Civil procedure.
9 (RLIN) 990
700 1# - ADDED ENTRY--PERSONAL NAME
Personal name Taelman, Piet.
9 (RLIN) 991
700 1# - ADDED ENTRY--PERSONAL NAME
Personal name Lemmens, P.
9 (RLIN) 992
700 1# - ADDED ENTRY--PERSONAL NAME
Personal name Blanpain, R.
Fuller form of name (Roger),
Dates associated with a name 1932-
9 (RLIN) 993
906 ## - LOCAL DATA ELEMENT F, LDF (RLIN)
a 7
b cbc
c serasst
d 2
e ncip
f 20
g n-oclcserc
942 ## - ADDED ENTRY ELEMENTS (KOHA)
Source of classification or shelving scheme Dewey Decimal Classification
Koha item type Books
Holdings
Withdrawn status Lost status Source of classification or shelving scheme Damaged status Not for loan Home library Current library Shelving location Date acquired Total Checkouts Full call number Barcode Date last seen Price effective from Koha item type
    Dewey Decimal Classification     Law Development Centre Main Library Law Development Centre Main Library Text Books and Laws 04/12/2011   345.6761 NSE 2011/2278 04/12/2011 04/12/2011 Books